Country Shape Quiz with Flags #1 - Statistics

General Stats
  • This quiz has been taken 31 times
  • The average score is 15 of 16
Answer Stats
Picture Answer % Correct
Chile
100%
Cuba
100%
Indonesia
100%
Thailand
100%
Greece
96%
Iraq
96%
Ireland
96%
Kazakhstan
96%
Algeria
93%
Azerbaijan
93%
Mongolia
93%
Nigeria
93%
Belarus
85%
Congo
85%
Costa Rica
85%
Bolivia
78%
No matching quizzes found
Score Distribution
Percent of People with Each Score
Percentile by Number Answered
Your Score History
You have not taken this quiz